000
00215nam a22000857a 4500
008
140512b xxu||||| |||| 00| 0 eng d
020
_c
Available
082
_2
Fifth Edition
245
_a
Microeletronic Circuits
_c
Smith Sedra
999
_c
24238
_d
24238